Los retos teóricos de los estudios del trabajo hacia el siglo XXI /

Salvato in:
Dettagli Bibliografici
Autore principale: Garza Toledo, Enrique de la
Natura: Sconosciuto
Pubblicazione: Buenos Aires: CLACSO. ASDI
Soggetti:
Tags: Aggiungi Tag
Nessun Tag, puoi essere il primo ad aggiungerne!!

MARC

LEADER 00000 a2200000 04500
001 11418
003
008 991231s d
040
090 |a 139405  
100 |a Garza Toledo, Enrique de la  
245 |a Los retos teóricos de los estudios del trabajo hacia el siglo XXI /  |c Enrique de la Garza Toledo 
260 |a Buenos Aires:   |b CLACSO. ASDI  
300 |a 254 p.  
650 |a TRABAJO  
650 |a SOCIOLOGIA  
650 |a CULTURA  
650 |a TEORIA  
650 |a INVESTIGACION  
650 |a NEOLIBERALISMO  
650 |a SOCIEDADES  
650 |a PRODUCCION  
650 |a MODERNIZACION  
999 |c 10599  |d 10599